00269nam a2200121Ia 4500008004100000020002200041041000800063082001100071100001300082245001600095260002800111300000800139230822s2000 xx 000 0 und d a978 81 7476 729 5 aeng a700.92 aMEYER.J. aMINIAMALISM bPHAIDON PRESS LTDc2000 a199